La Inserción china y su expresión organizativa en Costa Rica /
সংরক্ষণ করুন:
| প্রধান লেখক: | |
|---|---|
| বিন্যাস: | পাঠ্য |
| বিষয়গুলি: | |
| ট্যাগগুলো: |
ট্যাগ যুক্ত করুন
কোনো ট্যাগ নেই, প্রথমজন হিসাবে ট্যাগ করুন!
|
MARC
| LEADER | 00000 a a2200000 04500 | ||
|---|---|---|---|
| 001 | 14017 | ||
| 003 | |||
| 040 | |||
| 100 | |a Li Kam, Sui Moy | ||
| 245 | |a La Inserción china y su expresión organizativa en Costa Rica / |c Sui Moy Li Kam | ||
| 650 | |a CHINOS | ||
| 650 | |a INMIGRANTES | ||
| 650 | |a ASOCIACIONES | ||
| 773 | |g volumen 2, número 3 -4; páginas 221-234 | ||
| 999 | |c 28135 |d 28135 | ||
